Načítá se...

കാലാവസ്ഥാ പ്രതിസന്ധി : ശാസ്ത്രവും രാഷ്ട്രീയവും /

Podrobná bibliografie
Další autoři: Rema, K. (Překladatel)
Médium: Printed Book
Jazyk:English
Vydáno: തൃശൂര്‍ : Kerala Sasthra Sahitya Parisath 2010.
Vydání:2nd ed.
Témata:
LEADER 00780nam a22001697a 4500
008 150529b xxu||||| |||| 00| 0 eng d
082 |a 333.75 RAM 
240 |a Kalavastha prathisndhi sasthravum rashtreeyavum 
245 |a കാലാവസ്ഥാ പ്രതിസന്ധി :  |b ശാസ്ത്രവും രാഷ്ട്രീയവും /  |c കെ. രമ 
250 |a 2nd ed. 
260 |a തൃശൂര്‍ :  |b Kerala Sasthra Sahitya Parisath  |c 2010. 
300 |a 91p. 
650 |a Climate changes 
700 |a Rema, K.  |e translator. 
942 |2 ddc  |c BK 
999 |c 11216  |d 11216 
952 |0 0  |1 0  |2 ddc  |4 0  |6 333_750000000000000_RAM  |7 0  |9 15821  |a MAIN  |b MAIN  |d 2015-05-29  |e Kerala Sasthra Sahithya Parisath  |g 45.00  |l 17  |m 3  |o 333.75 RAM  |p 15849  |r 2020-03-16  |s 2020-02-20  |t 1  |w 2015-05-29  |y BK